The valuation of property investments (Record no. 101756)

MARC details
000 -LEADER
fixed length control field 01505cam a22003495a 4500
008 - FIXED-LENGTH DATA ELEMENTS--GENERAL INFORMATION
fixed length control field 080304s2002 xxk f 000 0 eng u
020 ## - INTERNATIONAL STANDARD BOOK NUMBER
International Standard Book Number 0728203693
035 ## - SYSTEM CONTROL NUMBER
System control number (Sirsi) u115406
041 ## - LANGUAGE CODE
Language code of text/sound track or separate title eng
050 04 - LIBRARY OF CONGRESS CALL NUMBER
Classification number 333.332 $2 18
100 ## - MAIN ENTRY--PERSONAL NAME
Personal name Enever, Nigel
245 04 - TITLE STATEMENT
Title The valuation of property investments
250 ## - EDITION STATEMENT
Edition statement 6th ed.
260 ## - PUBLICATION, DISTRIBUTION, ETC.
Place of publication, distribution, etc. London
Name of publisher, distributor, etc. Estates Gazette
Date of publication, distribution, etc. 2002
300 ## - PHYSICAL DESCRIPTION
Extent vii, 221p.
Dimensions 22cm.
350 ## - PRICE (NR) (BK AM CF MU VM SE) [OBSOLETE]
Price 25
505 2# - FORMATTED CONTENTS NOTE
Formatted contents note Investment -- The property market -- Determinations of value -- Lease terms -- Principles of valuation -- The mathematics of valuation and finance -- Rack-rented freeholds -- Leasehold interests -- Reversionary investments -- Further aspects of inflation and growth -- Investment risk -- Computer and statistical aids -- Investment strategy -- An overview
520 ## - SUMMARY, ETC.
Summary, etc. Covers all major aspects of valuing various types of investment property, including problems of inflation and growth, the equated rent principle and the special problems of short leaseholds, reversionary investments and taxation implications.
520 ## - SUMMARY, ETC.
Summary, etc. Supersedes 5th ed. (1995)
520 ## - SUMMARY, ETC.
Summary, etc. Superseded by 7th edition (ISBN 9780728205505).
650 ## - SUBJECT ADDED ENTRY--TOPICAL TERM
Topical term or geographic name entry element CONSTANT RENT
650 ## - SUBJECT ADDED ENTRY--TOPICAL TERM
Topical term or geographic name entry element FREEHOLD
650 ## - SUBJECT ADDED ENTRY--TOPICAL TERM
Topical term or geographic name entry element INFLATION
650 ## - SUBJECT ADDED ENTRY--TOPICAL TERM
Topical term or geographic name entry element INVESTMENT RISK
650 ## - SUBJECT ADDED ENTRY--TOPICAL TERM
Topical term or geographic name entry element LEASEHOLD
650 ## - SUBJECT ADDED ENTRY--TOPICAL TERM
Topical term or geographic name entry element PROPERTY INVESTMENT
650 ## - SUBJECT ADDED ENTRY--TOPICAL TERM
Topical term or geographic name entry element PROPERTY MARKET
651 #4 - SUBJECT ADDED ENTRY--GEOGRAPHIC NAME
Geographic name United Kingdom
Chronological subdivision
690 ## - LOCAL SUBJECT ADDED ENTRY--TOPICAL TERM (OCLC, RLIN)
Topical term or geographic name as entry element PROPERTY-PROPERTY APPRAISAL AND VALUATION
700 1# - ADDED ENTRY--PERSONAL NAME
Personal name Isaac, D.
942 ## - ADDED ENTRY ELEMENTS (KOHA)
Suppress in OPAC 0
Holdings
Withdrawn status Lost status Source of classification or shelving scheme Damaged status Not for loan Home library Current library Shelving location Date acquired Total Checkouts Full call number Barcode Date last seen Date last checked out Copy number Price effective from Koha item type
    Dewey Decimal Classification     London London Basement 04/03/2008 13 RESERVE 30073854 06/08/2019 02/12/2009 1 06/08/2019 Book